| 000 | 01144nam2a22002651 4500 | ||
|---|---|---|---|
| 001 | rc\327567 | ||
| 005 | 20250621064244.0 | ||
| 010 |
_a5-225-01518-2 _97000 |
||
| 035 | _a(NLR Aleph) 005631962 | ||
| 090 |
_a6583555 _c6583555 |
||
| 100 | _a20030307d1989 |||y0rusy50 ca | ||
| 101 | 0 | _arus | |
| 102 | _aRU | ||
| 105 | _aa ||||||||| | ||
| 200 | 0 | _aТ. 2 | |
| 210 |
_d1989 _aБ. м. |
||
| 215 |
_a427, [1] с. _cил. |
||
| 320 | _aБиблиогр.: с. 388-416 | ||
| 320 | _aПредм. указ.: с. 417-428 | ||
| 461 | 0 |
_1001rc\327565 _12001#$aИзбирательная токсичность$eФиз.-хим основы терапии$eВ 2 т.$fПер. с англ. М.А. Думпис, М.Б. Ганиной$gПод ред. В.А. Филова$vТ. 2 _1700#1$aАльберт$bА. _96583539 _aАльберт, А. _cМ. _d1989 _fПер. с англ. М.А. Думпис, М.Б. Ганиной _nМедицина _oФиз.-хим основы терапии : В 2 т. _tИзбирательная токсичность _vТ. 2 |
|
| 801 | 0 |
_aRU _bNLR _gpsbo |
|
| 801 | 1 |
_aRU _bELAR _2rusmarc |
|
| 852 |
_aNLR _j89-5/3867 |
||
| 942 | _cBOOK | ||
| 980 | _aNB | ||